Parki narodowe USA według stanu - quiz wielokrotnego wyboru - Statystyki

Ogólne statystyki
  • Ten quiz został rozwiązany 63 razy
  • Średni wynik to 9 z 16
Statystyki odpowiedzi
Zagadnienie Odpowiedź % Poprawnych
Wielkiego Kanionu Arizona
100%
Everglades Floryda
85%
Zion Utah
85%
Yosemite Kalifornia
69%
Redwood Kalifornia
69%
Gór Skalistych Kolorado
69%
Glacier Montana
62%
Skamieniałego Lasu Arizona
54%
Mount Rainier Waszyngton
54%
Denali Alaska
46%
Acadia Maine
46%
Big Bend Teksas
46%
Jeziora Kraterowego Oregon
38%
Isle Royale Michigan
31%
Hot Springs Arkansas
23%
Jaskini Mamuciej Kentucky
23%
Nie znaleziono quizów pasujących do podanych kryteriów
Rozkład punktacji
Procent ludzi z każdym wynikiem
Percentyl według liczby udzielonych odpowiedzi
Twoja historia wyników
Nie rozwiązałeś tego quizu